| 000 | 00401nam a2200121Ia 4500 | ||
|---|---|---|---|
| 008 | 220216s9999 xx 000 0 und d | ||
| 100 | _aNair V.K.B. | ||
| 245 | 0 | _aShort history and guide to the experiment station of the Rubber Research Institute of India | |
| 260 |
_bRubber Research Institute of India, Kottayam, India _c1963 |
||
| 650 | _aHistory | ||
| 650 | _aRRII experiment station | ||
| 942 | _cBS | ||
| 999 |
_c51316 _d51316 |
||